Länder A-Z, die Deutschland am nächsten liegen - Statistiken

Allgemein
  • Dieses Quiz wurde 690 mal gespielt
  • Das Durchschnittsergebnis liegt bei 19 aus 22
Antwortstatistiken
Land % Korrekt
B Belgien
99%
F Frankreich
99%
D Dänemark
98%
P Polen
96%
E Estland
95%
L Luxemburg
95%
N Niederlande
95%
S Schweiz
94%
O Österreich
92%
R Russland
92%
A Andorra
91%
I Italien
91%
T Tschechien
90%
Z Zypern
89%
U Ungarn
88%
G Griechenland
84%
C China
83%
J Jordanien
78%
K Kroatien
78%
M Monaco
77%
V Vereinigtes Königreich
74%
H Haiti
70%
Keine übereinstimmenden Quizze gefunden
Verteilung der Resultate
Anzahl Personen mit jedem Resultat
Perzentil nach korrekt beantworteten Fragen
Ihre Resultats-Entwicklung
Sie haben dieses Quiz noch nicht gespielt